Most Appearances & Goals at the FIFA World Cup for the Netherlands - Statistics

General Stats
  • This quiz has been taken 132 times
    105 since last reset
  • The average score is 14 of 28
Answer Stats
Answer % Correct
Robin Van Persie
94%
Arjen Robben
85%
Johan Cruyff
85%
Wesley Sneijder
83%
Edwin Van Der Sar
71%
Memphis Depay
71%
Dennis Bergkamp
69%
Cody Gakpo
60%
Patrick Kluivert
60%
Daley Blind
56%
Dirk Kuyt
56%
Frank De Boer
53%
Klaas Jan Huntelaar
53%
Ronald De Boer
53%
Nigel De Jong
50%
Johan Neeskens
48%
Marc Overmars
41%
Ruud Krol
41%
Wout Weghorst
41%
Johnny Rep
40%
Phillip Cocu
40%
Rob Rensenbrink
36%
Arie Haan
26%
Wim Jansen
19%
Wim Jonk
19%
Wim Suurbier
19%
Jan Jongbloed
10%
Ernie Brandts
8%
No matching quizzes found
Score Distribution
Percent of People with Each Score
Percentile by Number Answered
Your Score History
You have not taken this quiz since the last reset